Bezpečnosť jadrových elektrární. 1
Podiel jadrových, tepelných a vodných elektrární na výrobe elektrickej energie Slovenska. Pretrvávanie dominantného postavenia jadrovoenergetických zdrojov pri výrobe elektrickej energie. Strategické bezpečnostné ciele pri využívaní jadrovej energie. Súčasná stratégia jadrovej bezpečnosti. Bezpečnos...
Guardado en:
| Autor principal: | |
|---|---|
| Formato: | Capítulo de libro |
| Lenguaje: | eslovaco |
| Materias: | |
| Etiquetas: |
Sin Etiquetas, Sea el primero en etiquetar este registro!
|
MARC
| LEADER | 00000naa a2200000 4500 | ||
|---|---|---|---|
| 001 | r019739 | ||
| 005 | 20221213101316.9 | ||
| 041 | 0 | |a slo | |
| 044 | |a SK | ||
| 245 | 1 | 0 | |a Bezpečnosť jadrových elektrární. 1 |c Š. Rohár |
| 520 | |a Podiel jadrových, tepelných a vodných elektrární na výrobe elektrickej energie Slovenska. Pretrvávanie dominantného postavenia jadrovoenergetických zdrojov pri výrobe elektrickej energie. Strategické bezpečnostné ciele pri využívaní jadrovej energie. Súčasná stratégia jadrovej bezpečnosti. Bezpečnosť založená na projekte. Hodnotenie bezpečnosti jadrových elektrární podľa starších bezpečnostných štandardov. | ||
| 610 | 2 | 0 | |a bezpečnosť jadrová |
| 610 | 2 | 0 | |a projekty |
| 610 | 2 | 0 | |a elektrina |
| 610 | 2 | 0 | |a výroba energie |
| 610 | 2 | 0 | |a elektrárne atómové |
| 610 | 2 | 0 | |a havárie |
| 610 | 2 | 0 | |a reaktory |
| 610 | 2 | 0 | |a rádioaktivita |
| 100 | 1 | |a Rohár, Š. | |